000 00876cab a2200265 4500
001 X3296
008 090401t1996 xxu||||| |||| 00| 0 eng d
035 _a(Sirsi) u29648
041 _aeng
245 _aWalsall MBC v West Midlands Probation Committee
260 _c1996
350 _a0
490 _aPlanning Appeal Decisions
_v[1996] 11 PAD 167-173(7)
520 _aDecision letter 7 December 1995. Appeal against council decision to refuse planning permission for an extension of a bail and probation hostel was dismissed.
650 _aCRIME
650 _aDETENTION CENTRES
650 _aEXTENSION
650 _aHOSTELS
650 _aPROBATION HOSTEL
650 _aTOWN AND COUNTRY PLANNING ACT 1990 S78
650 _aWALSALL MBC V WEST MIDLANDS PROBATION COMMITTEE
690 _aPLANNING LAW AND PRACTICE-CASE LAW
942 _n0
948 _c04/03/1997
999 _c19949
_d19949